|
|
|
|
| LEADER |
01074nam a22002777a 4500 |
| 001 |
33301 |
| 003 |
BD-DhAAL |
| 005 |
20180709101300.0 |
| 008 |
180709r19971990ii ||||| b||| 00| 0 eng d |
| 999 |
|
|
|c 39621
|d 39621
|
| 020 |
|
|
|a 8170581990
|
| 020 |
|
|
|a 9788170581994
|
| 040 |
|
|
|a BD-DhAAL
|
| 082 |
|
|
|a 613.7
|
| 100 |
|
|
|a Mother
|9 26783
|
| 245 |
|
|
|a Education,
|n part three :
|b physical education /
|c the Mother
|
| 250 |
|
|
|a First edition
|
| 260 |
|
|
|a Pondicherry :
|b Sri Aurobindo Ashram,
|c c1990 [second impression 1997]
|
| 300 |
|
|
|a 151 pages ;
|c 19 cm
|
| 504 |
|
|
|a Includes bibliographical references (pages 145-146).
|
| 526 |
|
|
|a ARC
|
| 541 |
|
|
|e 33301
|
| 650 |
|
|
|a Physical education and training
|9 26780
|
| 852 |
|
|
|a Department of Architecture
|c General Stacks
|
| 942 |
|
|
|2 ddc
|c BK
|
| 952 |
|
|
|0 0
|1 1
|2 ddc
|4 0
|6 613_700000000000000_MOT
|7 0
|9 63640
|a ARC
|b ARC
|c GEN
|d 2018-07-09
|l 0
|o 613.7 MOT
|p 3010033301
|r 2018-07-09
|t 1
|w 2018-07-09
|y BK
|x lost from the ARC department library and approved by the Dean (reasons personal books withdrawn by Hasibul Kabir Sir and Building shifting)
|